| 000 | 00755nam a22002057a 4500 | ||
|---|---|---|---|
| 999 |
_c19423 _d19423 |
||
| 003 | AR-CdUCM | ||
| 008 | 190226b ||||| |||| 00| 0 spa d | ||
| 040 |
_aMUNICIPALIDAD PROVINCIAL DEL CUSCO _cBIBLIOTECA MUNICIPAL DEL CUSCO |
||
| 082 |
_a346 / _bC29 |
||
| 100 |
_aCastañeda, Jorge Eugenio _916373 |
||
| 245 |
_aCódigo civil : _bConcordancias y jurisprudencia de la corte suprema del día / |
||
| 260 |
_aLima : _bP.L. Villanueva, _c1962. |
||
| 300 |
_a553 páginas ; _c25 cm. |
||
| 505 | _aContenido : Régimen de los bienes en el matrimonio -- El divorcio -- De la tutela... | ||
| 650 |
_aPersonas juridicas _95350 |
||
| 650 |
_aDerecho de las personas _940750 |
||
| 650 |
_aSucesión testamentaria _940751 |
||
| 942 |
_2ddc _cLIBROS |
||
| 945 | _arcc | ||